Catálogo

Vista normal Vista MARC

Entrada Personal Name

Número de registros utilizados en: 1

001 - CONTROL NUMBER

  • control field: 10631

003 - CONTROL NUMBER IDENTIFIER

  • control field: DLC

005 - DATE AND TIME OF LATEST TRANSACTION

  • control field: 20200225102742.0

008 - FIXED-LENGTH DATA ELEMENTS

  • fixed length control field: 991027n| azannaabn |a aaa c

010 ## - LIBRARY OF CONGRESS CONTROL NUMBER

  • LC control number: nr 99033841

035 ## - SYSTEM CONTROL NUMBER

  • System control number: (OCoLC)oca05093981

040 ## - CATALOGING SOURCE

  • Original cataloging agency: UPB
  • Language of cataloging: spa
  • Description conventions: rda
  • Transcribing agency: Mx-PuUPA
  • Modifying agency: OCoLC
  • Modifying agency: NmU
  • Modifying agency: DLC
  • Modifying agency: Mx-PuUPA

100 1# - HEADING--PERSONAL NAME

  • Personal name: Rouco Varela, Antonio Ma.,
  • Fuller form of name: (Antonio María)

374 ## - OCCUPATION

  • Occupation: Autor

375 ## - GENDER

  • Gender: Hombre

377 ## - ASSOCIATED LANGUAGE

  • Language code: spa

400 1# - SEE FROM TRACING--PERSONAL NAME

  • Personal name: Varela, Antonio Ma. Rouco
  • Fuller form of name: (Antonio María Rouco)

400 1# - SEE FROM TRACING--PERSONAL NAME

  • Personal name: Rouco, Antonio Ma.
  • Fuller form of name: (Antonio María)

670 ## - SOURCE DATA FOUND

  • Source citation: Como un río de fuego, 1998:
  • Information found: t.p. (Antonio Ma. Rouco)

670 ## - SOURCE DATA FOUND

  • Source citation: RLIN, Oct. 27, 1999:
  • Information found: (hdg.: Rouco Varela, Antonio Ma.; Rouco-Varela, Antonio M.; Rouco Varela, Antonio; Varela, Antonio Rouco; Rouco Varela, Antonio María; usage: Antonio Ma. Rouco Varela)

670 ## - SOURCE DATA FOUND

  • Source citation: Estado e iglesia en la España del siglo XVI, 2001:
  • Information found: jkt. (b. 1936, Villalba, Lugo, Spain)

670 ## - SOURCE DATA FOUND

  • Source citation: Rouco, septiembre 2014:
  • Information found: t.p. (Rouco) p. 9 (Rouco Varela, cardinal of Madrid)

670 ## - SOURCE DATA FOUND

  • Source citation: La familia, motivo de esperanza : doctrina y vida, 2015:
  • Information found: t.p. (Antonio Ma. Rouco Varela) de portada

670 ## - SOURCE DATA FOUND

  • Source citation: Biblioteca del congreso (Estados Unidos)
  • Information found: . Catálogo electrónico
  • Uniform Resource Identifier: http://bit.ly/3a5eXJI